Word Ladder: Starbucks Sizes Quiz Stats

 Plays Quiz Updated Jun 27, 2014

Support Sporcle.
Go Orange.
Score 0/32 Timer 04:00
1 Play Today
Clue Word % Correct
★ Next Starbucks size ★ TALL
93.2%
A storyTALE
91.9%
MTV's 'The Jersey ___'SHORE
91.9%
A time for bargain pricesSALE
90.8%
Not drunkSOBER
90.5%
Star Wars light-based weaponSABER
90.1%
Heavy neck hair for a lionMANE
87.1%
Oscar-winner Christian for 'The Fighter'BALE
87.1%
Adam Sander's '___ Management'ANGER
87%
★ Next Starbucks size ★ GRANDE
86.9%
'Kemo ____': The Lone Ranger to TontoSABE
86.8%
A large dancing social gatheringBALL
86.7%
That on which a grape growsVINE
86.6%
'Home on the ___'RANGE
86.4%
UnclothedBARE
85.9%
Opening for the escape of gasVENT
84.7%
Clue Word % Correct
In painSORE
84.2%
Beverage brand with lizards in the logoSOBE
83.6%
A place where diamonds may be foundMINE
83.6%
Less crazySANER
81.9%
Portable camping enclosureTENT
81.1%
Fury or wrathRAGE
79.4%
Cause people to feel ennuiBORE
77.8%
A male gooseGANDER
76.9%
A machine for smoothing woodSANDER
76.8%
★ Next Starbucks size ★ VENTI
75%
★ Smallest Starbucks size ★ SHORT
74.9%
PerilDANGER
74.7%
A sorcererMAGE
71.9%
Caesar's '___, vidi, vici'VENI
68.9%
Reznor of NINTRENT
53.4%
★ Largest Starbucks size ★ TRENTA
35.3%

Today's Daily Dose

You're not logged in!

Compare scores with friends on all Sporcle quizzes.
OR
Log In

From the Vault

3-Pointers Across the Ages

by janisterzaj

They say age is just a number, for these guys that number is 3.
Remove Ads.
Support Sporcle.
Get the best of Sporcle when you Go Orange. This ad-free experience offers more features, more stats, and more fun while also helping to support Sporcle. Thank you for becoming a member.

Show Comments

Extras

Top Quizzes Today


Score Distribution

Your Account Isn't Verified!

In order to create a playlist on Sporcle, you need to verify the email address you used during registration. Go to your Sporcle Settings to finish the process.

Report this User

Report this user for behavior that violates our Community Guidelines.

Details: